000 00680nam a22002053a 4500
005 20230523063713.0
008 010531s1984 ve r 000 0 spa d
020 _a9800101098
035 _aUPN01000116261
049 _aCG
050 4 _aB3279 H49
_bB4.3 1984
100 1 _aBeaufret, Jean
245 1 0 _aAl encuentro de Heidegger :
_bconversaciones con Frederic de Towarnicki /
_cJean Beaufret ; tr. Juan Luis Delmont.
250 _a2a ed.
260 _aCaracas :
_bMonte Avila,
_c1984.
300 _a96 p.
534 _pTraducción de:
_tEntretiens avec Frederic de Towarnick
600 1 7 _aHeidegger, Martin,
_d1889-1976
_xCrítica e interpretación
_2
_916058
905 _aLibro
999 _c89012
_d89012